| 000 | 01522cam a22003978i 4500 | ||
|---|---|---|---|
| 001 | 21908149 | ||
| 003 | NUST | ||
| 005 | 20220802163438.0 | ||
| 008 | 210218s2021 nyu j 000 0ceng | ||
| 010 | _a 2021007111 | ||
| 020 |
_a9780593377666 _q(board) |
||
| 020 |
_z9780593380550 _q(ebook) |
||
| 038 | _aAzhar | ||
| 040 |
_aDLC _beng _erda _cDLC |
||
| 042 | _apcc | ||
| 050 | 0 | 0 |
_aN8354 _b.I392 2021 |
| 082 | 0 | 0 |
_a709.252 _223 _bIGN |
| 100 | 1 |
_aIgnotofsky, Rachel, _d1989- _eauthor. _994742 |
|
| 240 | 1 | 0 | _aWomen in art (Crown Books for Young Readers) |
| 245 | 1 | 0 |
_aWomen in art _cRachel Ignotofsky. |
| 260 |
_aNew York _bTen Speed press _c2019 |
||
| 263 | _a2110 | ||
| 264 | 1 |
_aNew York : _bCrown Books for Young Readers, _c[2021] |
|
| 300 | _apages cm | ||
| 336 |
_atext _btxt _2rdacontent |
||
| 337 |
_aunmediated _bn _2rdamedia |
||
| 338 |
_avolume _bnc _2rdacarrier |
||
| 520 |
_a"New York Times bestseller Rachel Ignotofsky's Women in Art comes to the youngest readers in board format!"-- _cProvided by publisher. |
||
| 521 |
_aAges 0-3 _bCrown Books for Young Readers |
||
| 521 |
_aGrades K-1 _bCrown Books for Young Readers |
||
| 650 | 0 |
_aWomen artists _vBiography _vJuvenile literature. _996332 |
|
| 776 | 0 | 8 |
_iOnline version: _aIgnotofsky, Rachel, 1989- _tWomen in art _dNew York : Crown Books for Young Readers, [2021] _z9780593380550 _w(DLC) 2021007112 |
| 906 |
_a7 _bcbc _corignew _d1 _eecip _f20 _gy-gencatlg |
||
| 942 |
_2ddc _cLC |
||
| 999 |
_c590758 _d590758 |
||